UBT Library

Symptoms--their causes & cures : (Record no. 40178)

000 -LEADER
fixed length control field 00862cam a2200229 a 4500
001 - CONTROL NUMBER
control field 1579064
005 - DATE AND TIME OF LATEST TRANSACTION
control field 20180112042044.0
008 - FIXED-LENGTH DATA ELEMENTS--GENERAL INFORMATION
fixed length control field 930526s1994 pau 001 0 eng
010 ## - LIBRARY OF CONGRESS CONTROL NUMBER
LC control number 93023014
020 ## - INTERNATIONAL STANDARD BOOK NUMBER
International Standard Book Number 0875961797 (hardcover : acidfree, recycled paper)
040 ## - CATALOGING SOURCE
Original cataloging agency DLC
Transcribing agency DLC
Modifying agency DLC
041 ## - LANGUAGE CODE
Language code of text/sound track or separate title eng
080 ## - UNIVERSAL DECIMAL CLASSIFICATION NUMBER
Universal Decimal Classification number 616..047 WAR
082 00 - DEWEY DECIMAL CLASSIFICATION NUMBER
Classification number 616..047 WAR
Edition number 20
100 ## - Rafti
Rafti 3
101 ## - Shkurtesa
Shkurtesa SHM
245 00 - TITLE STATEMENT
Title Symptoms--their causes & cures :
Statement of responsibility, etc by the editors of Prevention magazine health books, Doug Dollemore ... [et al.] ; edited by Alice Feinstein.
246 3# - VARYING FORM OF TITLE
Title proper/short title Symptoms--their causes and cures
906 ## - LOCAL DATA ELEMENT F, LDF (RLIN)
a 7
b cbc
c orignew
d 1
e ocip
f 19
g y-gencatlg
942 ## - ADDED ENTRY ELEMENTS (KOHA)
Source of classification or shelving scheme
Item type Books
Holdings
Withdrawn status Lost status Source of classification or shelving scheme Damaged status Not for loan Permanent location Current location Date acquired Total Checkouts Full call number Barcode Date last seen Price effective from Koha item type
          UBT - Lipjan UBT - Lipjan 01/12/2018   616..047 WAR 002-2994947 01/12/2018 01/12/2018 Books
UBT Library © 2015-2024. All rights reserved University Education for Business and Technology